[Event "AUTO-ADV-1002"]
[Site "http://www.queenalice.com/game.php?id=506095"]
[Date "2008.12.11"]
[Round "2"]
[White "johnboy"]
[Black "bjphillips"]
[Result "1-0"]
[WhiteElo "2072"]
[BlackElo "1905"]

1. d4 Nf6 2. c4 g6 3. Nc3 Bg7 4. Nf3 O-O 5. Bf4 e6 6. e3 d5 7. Nb5 Na6 8. Bd3 c6
9. Nd6 Nh5 10. c5 Nxf4 11. exf4 Nc7 12. a4 Ne8 13. Nxc8 Rxc8 14. b4 Nf6 15. Ne5
Nd7 16. O-O Nxe5 17. fxe5 b6 18. f4 bxc5 19. bxc5 Rb8 20. a5 Qc7 21. Qd2 Rb7 22.
a6 Rbb8 23. Rfb1 f6 24. g3 fxe5 25. dxe5 Rxb1+ 26. Rxb1 Rb8 27. Rb4 Bf8 28. Rxb8
Qxb8 29. Qa5 Be7 30. Kf2 Bd8 31. Qa4 Qc7 32. Qb4 Qa5 33. Qb7 Qxc5+ 34. Kg2 Bb6
35. Qc8+ Kg7 36. Qxe6 d4 37. Qf6+ Kh6 38. g4 Qd5+ 39. Kg3 Qd7 40. g5+ 1-0

[Event "AUTO-ADV-1002"]
[Site "http://www.queenalice.com/game.php?id=506096"]
[Date "2008.12.11"]
[Round "2"]
[White "bjphillips"]
[Black "johnboy"]
[Result "1-0"]
[WhiteElo "1908"]
[BlackElo "2070"]

1. e4 d6 2. d4 g6 3. Be3 Nf6 4. f3 Bg7 5. Nc3 O-O 6. Qd2 Nbd7 7. h4 c5 8. O-O-O
cxd4 9. Bxd4 a6 10. g4 Nb6 11. h5 Nbd7 12. hxg6 fxg6 13. Be3 Ne5 14. Bh6 Nxf3
15. Nxf3 Bxg4 16. Bxg7 Bxf3 17. Bxf8 Bxh1 18. Bc4+ Kxf8 19. Rxh1 Ng4 20. Rxh7
1-0

[Event "AUTO-ADV-1002"]
[Site "http://www.queenalice.com/game.php?id=506099"]
[Date "2008.12.11"]
[Round "2"]
[White "alib2004"]
[Black "bjphillips"]
[Result "1-0"]
[WhiteElo "2059"]
[BlackElo "1930"]

1. h3 b6 2. e4 Bb7 3. Nc3 e5 4. Bc4 Nf6 5. d3 Bc5 6. Nf3 O-O 7. Bg5 Be7 8. O-O
d6 9. a4 Nbd7 10. b4 d5 11. exd5 Nxd5 12. Nxd5 Bxg5 13. Nxg5 Qxg5 14. f3 c5 15.
b5 Rad8 16. Qe1 Bxd5 17. Bxd5 Nf6 18. Bc6 Rd4 19. Rf2 Rh4 20. Kh1 Nh5 21. Rd1
Ng3+ 22. Kh2 Qf4 23. Kg1 Rd8 24. c4 Rd6 25. a5 Nf5 26. axb6 axb6 27. Ra1 h6 28.
Be4 Rd8 29. Ra6 Rb8 30. Qa1 Nd4 31. Ra8 Nxf3+ 32. Rxf3 1-0

[Event "AUTO-ADV-1002"]
[Site "http://www.queenalice.com/game.php?id=506100"]
[Date "2008.12.11"]
[Round "2"]
[White "bjphillips"]
[Black "alib2004"]
[Result "0-1"]
[WhiteElo "1916"]
[BlackElo "2042"]

1. e4 c5 2. Nc3 Nc6 3. Bb5 d6 4. Bxc6+ bxc6 5. f4 e6 6. Nf3 Ne7 7. O-O Ng6 8. d3
Be7 9. Qe1 O-O 10. e5 d5 11. Ne2 f6 12. d4 fxe5 13. dxe5 Ba6 14. Rf2 Bxe2 15.
Qxe2 Nxf4 16. Bxf4 Rxf4 17. Raf1 Re4 18. Qd3 c4 19. Qd2 Bc5 20. Kh1 Bxf2 21.
Qxf2 Qb6 22. Ng5 Qxf2 0-1

[Event "AUTO-ADV-1002"]
[Site "http://www.queenalice.com/game.php?id=506103"]
[Date "2008.12.11"]
[Round "2"]
[White "bjphillips"]
[Black "Lima7"]
[Result "0-1"]
[WhiteElo "1968"]
[BlackElo "2012"]

1. e4 c5 2. Nc3 Nc6 3. Bb5 g6 4. Bxc6 bxc6 5. f4 Bg7 6. Nf3 Nf6 7. d3 d6 8. O-O
O-O 9. Qe1 Rb8 10. e5 Nd5 11. Rb1 Qa5 12. Bd2 Qa6 13. Ng5 c4 14. d4 Bf5 15. Qh4
h5 16. h3 Bxc2 17. g4 Bxb1 18. Rxb1 Qc8 19. gxh5 Qf5 20. Re1 Rxb2 21. Nxd5 cxd5
22. h6 Bh8 23. Bc1 Rxa2 24. e6 Bxd4+ 25. Be3 Bxe3+ 26. Rxe3 Qc2 27. Qg3 Ra1+ 28.
Re1 Rxe1+ 29. Qxe1 f6 30. h7+ Kg7 31. Nf7 Qf5 32. Qh4 Qh5 0-1

[Event "AUTO-ADV-1002"]
[Site "http://www.queenalice.com/game.php?id=506104"]
[Date "2008.12.11"]
[Round "2"]
[White "Lima7"]
[Black "bjphillips"]
[Result "1-0"]
[WhiteElo "1991"]
[BlackElo "1930"]

1. e4 e5 2. Nf3 Nc6 3. Bc4 Bc5 4. c3 Nf6 5. d4 exd4 6. cxd4 Bb4+ 7. Bd2 Bxd2+ 8.
Nbxd2 O-O 9. O-O d6 10. Rc1 Na5 11. Bd3 Bg4 12. Qc2 Rc8 13. e5 dxe5 14. dxe5 Nd5
15. Bxh7+ Kh8 16. Qe4 Bxf3 17. Nxf3 Nc6 18. Bf5 Rb8 19. Rfd1 Nce7 20. Qh4+ 1-0

[Event "Challenge"]
[Site "http://www.queenalice.com/game.php?id=515666"]
[Date "2009.1.1"]
[Round "-"]
[White "koutouzov"]
[Black "bjphillips"]
[Result "0-1"]
[WhiteElo "1883"]
[BlackElo "1919"]

1. e4 e5 2. Nf3 Nc6 3. Nc3 Nf6 4. Bb5 d6 5. d4 exd4 6. Nxd4 Bd7 7. Nxc6 bxc6 8.
Bc4 Be7 9. O-O O-O 10. Re1 Re8 0-1

[Event "AUTO-ADV-1218"]
[Site "http://www.queenalice.com/game.php?id=539391"]
[Date "2009.2.12"]
[Round "1"]
[White "Gera"]
[Black "bjphillips"]
[Result "0-1"]
[WhiteElo "1925"]
[BlackElo "1954"]

1. e4 e5 2. Bc4 Nf6 3. Qf3 Be7 4. Nc3 O-O 5. Nge2 c6 6. d3 d6 7. O-O Nbd7 8. Rd1
Nb6 9. Bb3 d5 10. exd5 cxd5 11. Bg5 Be6 12. a3 Qd7 13. Re1 Bg4 14. Qg3 Rfe8 15.
Qxe5 Bd6 16. Qd4 Be7 17. Nf4 Rac8 18. Nfxd5 Nfxd5 19. Nxd5 Bxg5 20. Rxe8+ Rxe8
21. a4 Nxd5 22. Qxd5 Qxd5 23. Bxd5 b6 24. f3 Be6 25. Re1 Kf8 26. Be4 Bd5 27. Kf2
Bxe4 28. fxe4 Bd2 29. Re2 Bb4 30. d4 f6 31. c3 Bd6 32. Kf3 f5 33. e5 Bc7 34. Rf2
g6 35. Ke3 Bd8 36. Kd3 Bg5 37. g3 Ke7 38. Kc4 a6 39. Kd5 Rc8 40. Re2 b5 41. axb5
axb5 42. h4 Bc1 43. Rc2 Bh6 44. Re2 Bg7 45. Rg2 Bf8 46. g4 fxg4 47. Rxg4 Rd8+
48. Kc5 Ke6+ 49. Kc6 Rc8+ 50. Kb7 Rc4 51. Rg3 b4 52. Rf3 Be7 53. Rh3 bxc3 54.
bxc3 Bb4 55. cxb4 Rxb4+ 56. Kc6 Rxd4 57. h5 Kxe5 58. hxg6 hxg6 59. Rg3 Kf5 60.
Kc5 Re4 61. Kd5 Ra4 62. Rg2 g5 63. Kd6 g4 64. Ke7 Ra3 65. Kf7 Kf4 66. Kg6 Kf3
67. Rg1 Ra2 68. Kg5 g3 0-1

[Event "AUTO-ADV-1218"]
[Site "http://www.queenalice.com/game.php?id=539392"]
[Date "2009.2.12"]
[Round "1"]
[White "bjphillips"]
[Black "Gera"]
[Result "1-0"]
[WhiteElo "1896"]
[BlackElo "1884"]

1. e4 e5 2. Nf3 d6 3. Bc4 Bd7 4. O-O b5 5. Bb3 f5 6. d4 Nc6 7. dxe5 Nxe5 8. Nxe5
dxe5 9. Qd5 Be6 10. Qxe6+ Qe7 11. Qc6+ 1-0

[Event "AUTO-ADV-1218"]
[Site "http://www.queenalice.com/game.php?id=539411"]
[Date "2009.2.12"]
[Round "1"]
[White "bjphillips"]
[Black "pomar"]
[Result "1-0"]
[WhiteElo "1934"]
[BlackElo "1963"]

1. e4 e6 2. d4 d5 3. e5 c5 4. c3 Qb6 5. Nf3 Nc6 6. Be2 cxd4 7. cxd4 Bb4+ 8. Nc3
Nge7 9. O-O Nf5 10. a3 Be7 11. Na4 Qc7 12. Bf4 a6 13. b4 b5 14. Nc5 Qb6 15. Be3
f6 16. exf6 gxf6 17. h3 Rg8 18. Nh2 Nxe3 19. fxe3 e5 20. Bh5+ Kd8 21. Ng4 Rg5
22. Nh6 Kc7 23. Bg4 Bxg4 24. Nxg4 Rg6 25. Rf5 a5 26. Rb1 axb4 27. axb4 Ra2 28.
Qb3 Bxc5 29. dxc5 Qa6 30. Rxf6 Rg7 31. Qxd5 Rd7 32. Rf7 Ne7 33. Qxe5+ Kc8 34.
Rf8+ Rd8 35. Qxe7 Rd2 36. Rxd8+ Rxd8 37. Nf2 Rd7 38. Qf8+ Rd8 39. Qf5+ Rd7 40.
Ne4 Kc7 41. Qe5+ Kd8 42. Ra1 Qb7 43. Nd6 Qc6 44. Qe8+ 1-0

[Event "AUTO-ADV-1218"]
[Site "http://www.queenalice.com/game.php?id=539412"]
[Date "2009.2.12"]
[Round "1"]
[White "pomar"]
[Black "bjphillips"]
[Result "0-1"]
[WhiteElo "1974"]
[BlackElo "1912"]

1. f3 e5 2. Kf2 d5 3. e3 Nc6 4. g3 Nf6 5. c4 Bc5 6. cxd5 Nxd5 7. Nc3 O-O 8. Qb3
Nxc3 9. bxc3 Kh8 10. Bh3 f5 11. d4 exd4 12. exd4 Nxd4 13. Qc4 Ne6+ 14. Kg2 b6
15. Ne2 Qf6 16. Nf4 Ng5 17. Re1 Bb7 18. Nd5 Bxd5 19. Qxd5 Nxh3 20. Kxh3 Rad8 21.
Qb3 Rd3 22. Bb2 Rd2 23. Re6 Qg5 24. Qc4 f4 25. g4 Rxh2+ 0-1

[Event "AUTO-ADV-1380"]
[Site "http://www.queenalice.com/game.php?id=611006"]
[Date "2009.6.30"]
[Round "1"]
[White "marcelotorres"]
[Black "bjphillips"]
[Result "0-1"]
[WhiteElo "1760"]
[BlackElo "1948"]

1. d4 Nf6 2. e3 g6 3. Nc3 Bg7 4. h3 O-O 5. b3 d6 6. Nf3 c5 7. Bb2 Na6 8. Bxa6
bxa6 9. Qe2 Bb7 10. e4 Nd7 11. d5 Rc8 12. O-O-O a5 13. Na4 Nb6 14. Bxg7 Kxg7 15.
Nc3 c4 16. b4 axb4 17. Nb5 a6 18. Nbd4 a5 19. Ng5 Qd7 20. Qg4 Qa4 21. Nde6+ fxe6
22. Nxe6+ Kh8 23. Nxf8 c3 24. Nxg6+ hxg6 25. Rdf1 Qxa2 26. Qh4+ Kg8 27. Kd1 Ba6
28. Qg5 Na4 29. Qxg6+ Kf8 30. Qf5+ Ke8 31. Qxc8+ Bxc8 32. Ke2 Ba6+ 33. Kf3 Bxf1
34. Rxf1 Qxc2 35. g4 Nc5 36. Re1 b3 37. e5 dxe5 38. Rxe5 b2 39. d6 Qe4+ 40. Rxe4
Nxe4 41. Kxe4 b1=Q+ 42. Kd4 c2 43. dxe7 c1=Q 44. Ke5 Qb4 45. Kf5 Qcc5+ 0-1

[Event "AUTO-ADV-1380"]
[Site "http://www.queenalice.com/game.php?id=611007"]
[Date "2009.6.30"]
[Round "1"]
[White "bjphillips"]
[Black "marcelotorres"]
[Result "1-0"]
[WhiteElo "1952"]
[BlackElo "1750"]

1. e4 e5 2. Nf3 d6 3. Bc4 f6 4. d4 Qe7 5. O-O Be6 6. Bb3 Bxb3 7. axb3 Na6 8. Be3
b6 9. Rxa6 Qd7 10. Nc3 Ne7 11. d5 Nc8 12. Na2 Qb5 13. Ra4 c5 14. dxc6 Qxc6 15.
Qd3 a5 16. Nc3 Na7 17. Nd5 b5 18. Rxa5 Qb7 19. Rfa1 Qc6 20. Rxa7 Rd8 21. R1a6
Qxa6 22. Rxa6 Rb8 23. Rb6 Rxb6 24. Bxb6 Be7 25. Qxb5+ Kf7 26. Qd7 Re8 27. Nd2 h6
28. Nc4 1-0

[Event "AUTO-ADV-1380"]
[Site "http://www.queenalice.com/game.php?id=611024"]
[Date "2009.6.30"]
[Round "1"]
[White "bjphillips"]
[Black "helianthus"]
[Result "0-1"]
[WhiteElo "1946"]
[BlackElo "2027"]

1. e4 c5 2. Nc3 e6 3. f4 d5 4. Nf3 Nc6 5. Bb5 Ne7 6. Bxc6+ Nxc6 7. O-O d4 8. Ne2
d3 9. cxd3 Qxd3 10. Ng3 h5 11. Ne1 Qd4+ 12. Kh1 h4 13. Nf3 Qd6 14. Ne2 Qd3 15.
Ne1 Qxe4 16. d3 Qf5 17. Ng1 b6 18. Nh3 Bb7 19. Nf3 O-O-O 20. Qa4 Nd4 21. Ne5 f6
22. Nf7 Qxh3 0-1

[Event "AUTO-ADV-1380"]
[Site "http://www.queenalice.com/game.php?id=611026"]
[Date "2009.6.30"]
[Round "1"]
[White "bjphillips"]
[Black "lfcanales"]
[Result "0-1"]
[WhiteElo "1969"]
[BlackElo "1936"]

1. e4 e5 2. Nf3 Nc6 3. Bb5 Bc5 4. O-O d6 5. d4 exd4 6. Nxd4 Bd7 7. Nxc6 bxc6 8.
Bc4 Qh4 9. Qf3 Nf6 10. Nc3 Ng4 11. Qxf7+ Kd8 12. h3 Nxf2 13. Rxf2 d5 14. exd5
Rf8 0-1

[Event "AUTO-ADV-1380"]
[Site "http://www.queenalice.com/game.php?id=611027"]
[Date "2009.6.30"]
[Round "1"]
[White "lfcanales"]
[Black "bjphillips"]
[Result "1-0"]
[WhiteElo "1889"]
[BlackElo "1951"]

1. c4 Nf6 2. Nc3 g6 3. g3 Bg7 4. Bg2 O-O 5. d4 d6 6. Bg5 c5 7. dxc5 Qa5 8. cxd6
exd6 9. Qxd6 Ne4 10. Bxe4 Qxg5 11. Nf3 Qa5 12. Rc1 Rd8 13. Qe7 Nc6 14. Qg5 Be6
15. Bxc6 Qxg5 16. Nxg5 bxc6 17. Nxe6 fxe6 18. Ne4 Bxb2 19. Rb1 Ba3 20. Rb7 Rf8
21. Ng5 Bc5 22. e3 Bb6 23. Nxe6 Rf6 24. Ng5 h6 25. Ne4 Re6 26. Nc3 Ba5 27. Rb3
Rd6 28. Ke2 Rf8 29. c5 Rdf6 30. f4 Re6 31. Kf3 Rf5 32. Ne4 Re7 33. Rd1 g5 34.
Nd6 Rxc5 35. Rb8+ Kh7 36. Rb7 Rc7 37. Rxc7+ Bxc7 38. Ne4 Rc2 39. Rd7+ 1-0

[Event "AUTO-ADV-1218"]
[Site "http://www.queenalice.com/game.php?id=611245"]
[Date "2009.6.30"]
[Round "2"]
[White "Richardlim"]
[Black "bjphillips"]
[Result "1-0"]
[WhiteElo "2136"]
[BlackElo "1960"]

1. e4 e5 2. Nf3 Nc6 3. Bb5 a6 4. Ba4 d6 5. c3 g6 6. d4 exd4 7. cxd4 Bd7 8. Nc3
Bg7 9. Bg5 Nge7 10. Nd5 b5 11. Bb3 O-O 12. Qd2 h6 13. Bxh6 Nxd5 14. Bxd5 Rb8 15.
O-O Ne7 16. Bxg7 Kxg7 17. Bb3 Nc6 18. Rac1 Bg4 19. Rxc6 Bxf3 20. gxf3 Qh4 21.
Rxc7 Rbe8 22. Rfc1 Re7 23. Rxe7 Qxe7 24. Rc6 Rh8 25. Rxa6 Qh4 26. Ra7 Qxh2+ 27.
Kf1 Rf8 28. Ke2 Qh5 29. Qf4 1-0

[Event "AUTO-ADV-1218"]
[Site "http://www.queenalice.com/game.php?id=611246"]
[Date "2009.6.30"]
[Round "2"]
[White "bjphillips"]
[Black "Richardlim"]
[Result "0-1"]
[WhiteElo "1956"]
[BlackElo "2115"]

1. e4 c5 2. Nc3 Nc6 3. Bb5 Nd4 4. f4 Nxb5 5. Nxb5 Nf6 6. d3 d5 7. e5 d4 8. Na3
Nd5 9. Nc4 b5 10. Na3 e6 11. Nf3 Be7 12. O-O Ba6 13. Bd2 O-O 14. c4 dxc3 15.
bxc3 b4 16. cxb4 Bxd3 17. Rf2 Rc8 18. b5 c4 19. Nc2 Bc5 0-1

[Event "AUTO-ADV-1218"]
[Site "http://www.queenalice.com/game.php?id=611247"]
[Date "2009.6.30"]
[Round "2"]
[White "cesargarcia"]
[Black "bjphillips"]
[Result "1-0"]
[WhiteElo "2198"]
[BlackElo "1960"]

1. d4 Nf6 2. Nf3 g6 3. c4 Bg7 4. Nc3 O-O 5. e4 d6 6. Be2 c5 7. d5 Na6 8. O-O Nc7
9. h3 Bd7 10. Be3 a6 11. e5 Nfe8 12. a4 e6 13. exd6 Nxd6 14. Bxc5 Re8 15. Bxd6
exd5 16. Bxc7 Qxc7 17. Nxd5 Qc6 18. Qd2 Rad8 19. Rfd1 Be6 20. Ne7+ 1-0

[Event "AUTO-ADV-1218"]
[Site "http://www.queenalice.com/game.php?id=611248"]
[Date "2009.6.30"]
[Round "2"]
[White "bjphillips"]
[Black "cesargarcia"]
[Result "0-1"]
[WhiteElo "1954"]
[BlackElo "2203"]

1. e4 c5 2. Nc3 Nc6 3. Bb5 e5 4. Bxc6 dxc6 5. d3 Bd6 6. Nce2 Nf6 7. f4 Bg4 8. h3
Bxe2 9. Qxe2 exf4 10. e5 O-O 11. Nf3 Nh5 12. O-O Ng3 13. Qf2 Nxf1 14. Qxf1 Bxe5
15. Nxe5 Qd4+ 16. Kh1 Qxe5 17. Bxf4 Qxb2 18. Qd1 Qd4 19. Bd2 Rfe8 20. Qh5 Qxa1+
0-1

[Event "Challenge"]
[Site "http://www.queenalice.com/game.php?id=616549"]
[Date "2009.7.10"]
[Round "-"]
[White "degrau"]
[Black "bjphillips"]
[Result "0-1"]
[WhiteElo "1893"]
[BlackElo "1946"]

1. d4 Nf6 2. Bf4 g6 3. e3 Bg7 4. Nc3 O-O 5. Be2 d6 6. h4 h5 7. g4 Bxg4 8. Bxg4
Nxg4 9. Qf3 Nc6 10. Ne4 e5 11. dxe5 Ncxe5 12. Bxe5 Nxe5 13. Qh3 d5 14. Ng5 Nc4
15. c3 Nxb2 16. Ne2 Nd3+ 17. Kf1 Qf6 18. Nf3 Ne5 19. Nfd4 Nd3 20. Nf4 Nxf4 21.
exf4 Qxf4 22. Rd1 c6 23. Ne2 Qc4 24. Rd2 Rae8 25. Qf3 Re6 26. Qd3 Qc5 27. Nd4
Rf6 28. Nb3 Qb6 29. Nd4 Bh6 30. Re2 Qc7 31. Rh3 Qf4 32. f3 Qd6 33. Rg2 Qd7 34.
Rh1 Re8 35. Ne2 Re5 36. Rhh2 Re3 37. Qd4 Rexf3+ 38. Rf2 Rxf2+ 39. Rxf2 Qh3+ 40.
Kg1 Rxf2 41. Kxf2 Qh2+ 42. Ke1 Qh1+ 43. Kf2 Qe4 44. Qxe4 dxe4 45. c4 f5 46. Nc3
Kf7 47. Na4 b6 48. Nc3 Ke6 49. Ne2 Ke5 50. Ke1 f4 51. Kd1 f3 52. Nc3 Kd4 53. Kc2
f2 0-1